| 000 | 00709nam a2200181Ia 4500 | ||
|---|---|---|---|
| 008 | 151202s9999||||xx |||||||||||||| ||und|| | ||
| 082 | _bPNVM-48382 | ||
| 100 | _aपुंडे शकुंतला. | ||
| 245 | _aमुलांचे अटलबिहारी वाजपेयी. | ||
| 260 | _b"उत्कर्ष प्रकाशन, पुणे." | ||
| 260 | _c1999 | ||
| 300 | _a32 | ||
| 600 | _aपुंडे शकुंतला. | ||
| 630 | _aमुलांचे अटलबिहारी वाजपेयी. | ||
| 700 | _aपुंडे शकुंतला. | ||
| 730 | _aमुलांचे अटलबिहारी वाजपेयी. | ||
| 942 | _cBOOK | ||
| 999 |
_c1314328 _d1314325 |
||